Parallel algorithms / (Record no. 1847)

MARC details
000 -LEADER
fixed length control field 01487cam a22003857a 4500
001 - CONTROL NUMBER
control field 15276293
003 - CONTROL NUMBER IDENTIFIER
control field OSt
005 - DATE AND TIME OF LATEST TRANSACTION
control field 20251107122719.0
008 - FIXED-LENGTH DATA ELEMENTS--GENERAL INFORMATION
fixed length control field 080425s2009 flua b 001 0 eng
010 ## - LIBRARY OF CONGRESS CONTROL NUMBER
LC control number 2008019142
020 ## - INTERNATIONAL STANDARD BOOK NUMBER
International Standard Book Number 9781584889458
035 ## - SYSTEM CONTROL NUMBER
System control number 15276293
035 ## - SYSTEM CONTROL NUMBER
System control number (OCoLC)226308215
Canceled/invalid control number (OCoLC)166358504
040 ## - CATALOGING SOURCE
Original cataloging agency DLC
Transcribing agency DLC
Modifying agency BTCTA
-- BAKER
-- YDXCP
-- C#P
-- BWX
-- CDX
-- DLC
082 00 - DEWEY DECIMAL CLASSIFICATION NUMBER
Classification number 005.275
Edition number 22
Item number CAS
100 1# - MAIN ENTRY--PERSONAL NAME
Personal name Casanova, Henri.
9 (RLIN) 3601
245 10 - TITLE STATEMENT
Title Parallel algorithms /
Statement of responsibility, etc. Henri Casanova, Arnaud Legrand, Yves Robert.
260 ## - PUBLICATION, DISTRIBUTION, ETC.
Place of publication, distribution, etc. Boca Raton :
Name of publisher, distributor, etc. CRC Press,
Date of publication, distribution, etc. c2009.
300 ## - PHYSICAL DESCRIPTION
Extent xv, 337 p. :
Other physical details ill. ;
Dimensions 25 cm.
336 ## - CONTENT TYPE
Content type term text
Content type code txt
Source rdacontent
337 ## - MEDIA TYPE
Media type term unmediated
Media type code n
Source rdamedia
338 ## - CARRIER TYPE
Carrier type term volume
Carrier type code nc
Source rdacarrier
440 #0 - SERIES STATEMENT/ADDED ENTRY--TITLE
Title Chapman & Hall/CRC numerical analysis and scientific computing
9 (RLIN) 3602
500 ## - GENERAL NOTE
General note "A Chapman & Hall book."
504 ## - BIBLIOGRAPHY, ETC. NOTE
Bibliography, etc. note Includes bibliographical references (p. 323-332) and index.
650 #0 - SUBJECT ADDED ENTRY--TOPICAL TERM
Topical term or geographic name entry element Parallel algorithms.
9 (RLIN) 3603
650 #0 - SUBJECT ADDED ENTRY--TOPICAL TERM
Topical term or geographic name entry element Parallel programming (Computer science)
9 (RLIN) 3414
700 1# - ADDED ENTRY--PERSONAL NAME
Personal name Legrand, Arnaud.
9 (RLIN) 3604
700 1# - ADDED ENTRY--PERSONAL NAME
Personal name Robert, Yves,
Dates associated with a name 1958 September 5-
9 (RLIN) 3605
856 41 - ELECTRONIC LOCATION AND ACCESS
Materials specified Table of contents only
Uniform Resource Identifier <a href="http://www.loc.gov/catdir/toc/fy0805/2008019142.html">http://www.loc.gov/catdir/toc/fy0805/2008019142.html</a>
906 ## - LOCAL DATA ELEMENT F, LDF (RLIN)
a 7
b cbc
c orignew
d 1
e ecip
f 20
g y-gencatlg
942 ## - ADDED ENTRY ELEMENTS (KOHA)
Source of classification or shelving scheme Dewey Decimal Classification
Koha item type Books
Holdings
Withdrawn status Lost status Source of classification or shelving scheme Damaged status Not for loan Collection code Home library Current library Shelving location Date acquired Cost, normal purchase price Total Checkouts Full call number Barcode Date last seen Copy number Cost, replacement price Price effective from Koha item type Public note
    Dewey Decimal Classification     Technical IIT Goa Central Library IIT Goa Central Library General Stacks 2025-11-07 995.00   005.275/ CAS 4580 2025-11-07 1 995.00 2025-11-07 Books RG/2526/303||01-10-2025||20%
    Dewey Decimal Classification     Technical IIT Goa Central Library IIT Goa Central Library General Stacks 2025-11-07 995.00   005.275/ CAS 4581 2025-11-07 2 995.00 2025-11-07 Books RG/2526/303||01-10-2025||20%